[Event "CYCC U16"]
[Site "Calgary CAN"]
[Date "2023.07.20"]
[Round "4.22"]
[White "Zhang, James"]
[Black "Ajith, Aayush"]
[Result "0-1"]
[WhiteElo "1742"]
[BlackElo "2139"]
[PlyCount "74"]
[EventDate "2023.07.19"]
[EventType "swiss"]
[EventRounds "7"]
[EventCountry "CAN"]

1. e4 c5 2. Nf3 d6 3. d4 cxd4 4. Nxd4 Nf6 5. Nc3 a6 6. Bg5 e6 7. f4 h6 8. Bh4
Nc6 9. Nxc6 bxc6 10. e5 g5 11. fxg5 Nd5 12. Nxd5 cxd5 13. exd6 Qxd6 14. Qd4
Qb4+ 15. Qxb4 Bxb4+ 16. c3 Be7 17. Be2 hxg5 18. Bg3 Bd7 19. O-O Bb5 20. Bxb5+
axb5 21. a3 Ra4 22. Be5 Rhh4 23. Rad1 Bc5+ 24. Kh1 f5 25. Bf6 Be7 26. Bd4 Bd6
27. Bg1 Rae4 28. Rfe1 Ke7 29. Rxe4 Rxe4 30. Bd4 e5 31. Bb6 Ke6 32. Kg1 Re2 33.
Rb1 Kd7 34. Kf1 Rc2 35. Ba5 Bc5 36. Bb4 Rf2+ 37. Kg1 Rxb2+ 0-1

[Event "CYCC U16"]
[Site "Calgary CAN"]
[Date "2023.07.20"]
[Round "4.23"]
[White "Su, Ethan"]
[Black "Wang, Patrick"]
[Result "1-0"]
[WhiteElo "2071"]
[BlackElo "903"]
[PlyCount "95"]
[EventDate "2023.07.19"]
[EventType "swiss"]
[EventRounds "7"]
[EventCountry "CAN"]

1. d4 Nf6 2. c4 e6 3. Nf3 d5 4. g3 c6 5. Bg2 Bd6 6. O-O O-O 7. Qc2 Nbd7 8. b3
e5 9. dxe5 Nxe5 10. Bb2 Nxf3+ 11. Bxf3 dxc4 12. bxc4 Qe7 13. Nd2 Be5 14. Rab1
Bg4 15. Bxe5 Qxe5 16. Rxb7 c5 17. Bxg4 Nxg4 18. Nf3 Qe6 19. Rd1 Ne5 20. Nxe5
Qxe5 21. Rd5 Qe6 22. Rxc5 Rfd8 23. Rcc7 Rd6 24. Re7 Qh3 25. Rxf7 Rh6 26. Rxg7+
Kh8 27. e3 Qxh2+ 28. Kf1 Rf8 29. Rbf7 Qh1+ 30. Ke2 Qh5+ 31. g4 Rxf7 32. Rxh7+
Rhxh7 33. gxh5 Rxh5 34. Qc3+ Kg8 35. e4 Rc5 36. Qd4 Rfc7 37. Kd3 Kf7 38. Qd6
R5c6 39. Qf4+ Ke6 40. e5 Rc5 41. Qf6+ Kd7 42. f4 a5 43. e6+ Ke8 44. f5 a4 45.
Qg6+ Ke7 46. f6+ Kxe6 47. f7+ Ke7 48. Qg7 1-0

[Event "CYCC U16"]
[Site "Calgary CAN"]
[Date "2023.07.20"]
[Round "4.24"]
[White "Ber, Sava"]
[Black "Xu, Andrew"]
[Result "0-1"]
[WhiteElo "1179"]
[BlackElo "1965"]
[PlyCount "62"]
[EventDate "2023.07.19"]
[EventType "swiss"]
[EventRounds "7"]
[EventCountry "CAN"]

1. c4 Nf6 2. Nc3 e6 3. g3 Bb4 4. Bg2 c5 5. Nf3 Nc6 6. O-O O-O 7. Re1 d5 8. cxd5
exd5 9. d4 Ne4 10. Bd2 Re8 11. Nxe4 dxe4 12. Ng5 Bxd2 13. Qxd2 e3 14. fxe3 Qxg5
15. d5 Nd4 16. Rac1 Qxe3+ 17. Qxe3 Rxe3 18. Rxc5 Rxe2 19. Rd1 Nf5 20. d6 Rxg2+
21. Kxg2 Ne3+ 22. Kf3 Nxd1 23. Rd5 Bg4+ 24. Kf4 Rd8 25. Rd2 f5 26. d7 Nxb2 27.
Rd4 Kf7 28. Ke5 Ke7 29. h3 Bxh3 30. Rh4 Nd3+ 31. Kd4 Rxd7+ 0-1

[Event "CYCC U16"]
[Site "Calgary CAN"]
[Date "2023.07.20"]
[Round "4.27"]
[White "Rao, Atharva"]
[Black "Thomas, Hudson"]
[Result "1-0"]
[WhiteElo "1585"]
[BlackElo "1189"]
[PlyCount "91"]
[EventDate "2023.07.19"]
[EventType "swiss"]
[EventRounds "7"]
[EventCountry "CAN"]

1. Nf3 Nf6 2. d4 g6 3. c4 Bg7 4. Nc3 d5 5. cxd5 Nxd5 6. e4 Nxc3 7. bxc3 c5 8.
Bc4 Nc6 9. Qb3 O-O 10. Ng5 e6 11. Bb5 Na5 12. Qd1 cxd4 13. cxd4 Bxd4 14. Rb1
Bc3+ 15. Bd2 Qxd2+ 16. Qxd2 Bxd2+ 17. Kxd2 Rd8+ 18. Ke3 b6 19. Rbc1 h6 20. Nf3
Bb7 21. Rc7 Rac8 22. Rhc1 Rxc7 23. Rxc7 Rc8 24. Rxc8+ Bxc8 25. Ne5 a6 26. Be8
Kg7 27. Bxf7 Kf6 28. f4 g5 29. g3 gxf4+ 30. gxf4 Nc6 31. Nxc6 Kxf7 32. Kd4 Bd7
33. Ne5+ Ke7 34. Nc4 b5 35. Ne5 Be8 36. Kc5 a5 37. Nc6+ Kf6 38. Nxa5 e5 39. f5
Kg5 40. Nc6 Kf4 41. f6 Kxe4 42. Nd8 Kf4 43. f7 Bxf7 44. Nxf7 e4 45. Kd4 e3 46.
Ne5 1-0

[Event "CYCC U16"]
[Site "Calgary CAN"]
[Date "2023.07.20"]
[Round "4.29"]
[White "Valavan, Aaryan"]
[Black "Yang, Vincent"]
[Result "1-0"]
[WhiteElo "1157"]
[BlackElo "1670"]
[PlyCount "107"]
[EventDate "2023.07.19"]
[EventType "swiss"]
[EventRounds "7"]
[EventCountry "CAN"]

1. g3 d5 2. Bg2 e5 3. d3 Nf6 4. Nf3 Nc6 5. O-O Be6 6. Bg5 Be7 7. Nbd2 h6 8.
Bxf6 Bxf6 9. e4 d4 10. Nb3 b6 11. Nc1 Ne7 12. Ne2 g5 13. Nd2 Ng6 14. Kh1 Qd7
15. f4 gxf4 16. gxf4 Bh3 17. f5 Bxg2+ 18. Kxg2 Nh4+ 19. Kh1 O-O-O 20. Ng3 Rdg8
21. Rg1 Bg5 22. Nf3 Nxf3 23. Qxf3 f6 24. Nh5 Qc6 25. Qe2 Be3 26. Rxg8+ Rxg8 27.
b3 Rg5 28. h4 Rxf5 29. Qg4 Kb7 30. Qxf5 Qxc2 31. Qf1 a5 32. Ng3 Bf4 33. Qe2 Qc3
34. Rg1 Kc6 35. Nh5 Be3 36. Rf1 Kc5 37. Nxf6 c6 38. Nd7+ Kd6 39. Nxb6 Kc7 40.
Nc4 Bf4 41. Rg1 Kb7 42. h5 Ka6 43. Rg8 Qc1+ 44. Rg1 Qc3 45. Rd1 Kb5 46. Qe1
Qxe1+ 47. Rxe1 Kb4 48. Rf1 Kc3 49. Rf3 Kb4 50. Kg2 a4 51. bxa4 Kxa4 52. Kh3 Kb4
53. Kg4 Kc3 54. Kf5 1-0

[Event "CYCC U16"]
[Site "Calgary CAN"]
[Date "2023.07.20"]
[Round "4.30"]
[White "Chhatralia, Bhavik"]
[Black "Gao, Sean"]
[Result "1-0"]
[WhiteElo "1663"]
[BlackElo "1172"]
[PlyCount "85"]
[EventDate "2023.07.19"]
[EventType "swiss"]
[EventRounds "7"]
[EventCountry "CAN"]

1. e4 e5 2. Nf3 Nc6 3. d4 exd4 4. Nxd4 Bc5 5. Be3 Qf6 6. c3 d6 7. Bc4 Ne5 8.
Be2 Qg6 9. Bf3 Nf6 10. Nd2 Nd3+ 11. Ke2 Ne5 12. h3 Bd7 13. Qc2 d5 14. exd5 Qxc2
15. Nxc2 Bb5+ 16. c4 Bxe3 17. Nxe3 Ba6 18. b4 b6 19. b5 Bb7 20. Nb3 a6 21. a4
O-O 22. Nd4 Rfe8 23. Kd2 Nfd7 24. Nb3 f5 25. Kc3 Nxf3 26. gxf3 f4 27. Ng2 Re2
28. Nxf4 Rxf2 29. Rhf1 Rh2 30. Ne6 Rxh3 31. Nxc7 Rc8 32. bxa6 Rxc7 33. axb7
Rxb7 34. a5 Rc7 35. a6 Ra7 36. Kb4 Ne5 37. Kb5 Rh6 38. Rfe1 Nd3 39. Re6 Rh2 40.
Kxb6 Ra8 41. Kb7 Rd8 42. a7 Rb2 43. Rb6 1-0

[Event "CYCC U16"]
[Site "Calgary CAN"]
[Date "2023.07.20"]
[Round "4.31"]
[White "Sura, Aditya"]
[Black "Terance, Nitish"]
[Result "1/2-1/2"]
[WhiteElo "1096"]
[BlackElo "1532"]
[PlyCount "103"]
[EventDate "2023.07.19"]
[EventType "swiss"]
[EventRounds "7"]
[EventCountry "CAN"]

1. e4 c5 2. Nf3 e6 3. c3 Nc6 4. d4 cxd4 5. cxd4 Nf6 6. e5 Nd5 7. Bc4 Nb6 8. Bb3
d6 9. O-O Qc7 10. Re1 dxe5 11. dxe5 Bb4 12. Nc3 Bxc3 13. bxc3 O-O 14. Bc2 Qd7
15. Bxh7+ Kxh7 16. Ng5+ Kg8 17. Qh5 Qd3 18. Ne4 Nxe5 19. Re3 g6 20. Nf6+ Kg7
21. Qh7+ Kxf6 22. Rxd3 Nxd3 23. Qh4+ Kg7 24. Bh6+ Kg8 25. Bxf8 Kxf8 26. Rd1 Bd7
27. Rxd3 Rc8 28. h3 Ke8 29. Qf6 Nd5 30. Qe5 f6 31. Qe1 Kf7 32. Qc1 g5 33. c4
Nb6 34. Qa3 Ba4 35. c5 Bb5 36. cxb6 Bxd3 37. Qxd3 Rc1+ 38. Kh2 axb6 39. Qh7+
Kf8 40. Qxb7 Rc2 41. Qxb6 Rxa2 42. f3 Re2 43. Qd8+ Kf7 44. Qd7+ Kf8 45. Qh7 Re5
46. Qg6 Ke7 47. Qg7+ Kd6 48. Qxf6 Rf5 49. Qd8+ Ke5 50. Kg3 g4 51. hxg4 Rxf3+
52. gxf3 1/2-1/2

[Event "CYCC U16"]
[Site "Calgary CAN"]
[Date "2023.07.20"]
[Round "4.32"]
[White "Lu, Kevin"]
[Black "Wright, Joshua"]
[Result "1/2-1/2"]
[WhiteElo "1463"]
[BlackElo "1137"]
[PlyCount "51"]
[EventDate "2023.07.19"]
[EventType "swiss"]
[EventRounds "7"]
[EventCountry "CAN"]

1. e4 d6 2. d4 Nf6 3. Nc3 g6 4. Be3 Bg7 5. Qd2 Ng4 6. Nf3 Nxe3 7. Qxe3 Nc6 8.
Bb5 Bd7 9. d5 Ne5 10. Bxd7+ Qxd7 11. O-O Nc4 12. Qc1 c6 13. Nd2 Bh6 14. f4 Ne3
15. Rf3 cxd5 16. Rxe3 d4 17. Rh3 dxc3 18. Rxh6 cxd2 19. Qxd2 Qc6 20. Qd4 O-O
21. c3 Rfd8 22. f5 Qc5 23. fxg6 fxg6 24. Rh3 Qxd4+ 25. cxd4 Rac8 26. Rc3
1/2-1/2

[Event "CYCC U16"]
[Site "Calgary CAN"]
[Date "2023.07.20"]
[Round "4.35"]
[White "Suer, Derin"]
[Black "Dossa, Andre"]
[Result "0-1"]
[WhiteElo "1297"]
[BlackElo "1050"]
[PlyCount "128"]
[EventDate "2023.07.19"]
[EventType "swiss"]
[EventRounds "7"]
[EventCountry "CAN"]

1. e4 c6 2. Nc3 d5 3. exd5 cxd5 4. d4 Nf6 5. f3 Bf5 6. Bd3 Bg6 7. Bf4 a6 8.
Nge2 Nc6 9. a3 e6 10. O-O Bd6 11. Bg5 Qc7 12. g3 Nxd4 13. Be3 Nxe2+ 14. Nxe2
O-O 15. Nf4 Bc5 16. Bf2 Bxf2+ 17. Rxf2 Qb6 18. Nxg6 hxg6 19. Rb1 Nd7 20. b4 Ne5
21. Be2 Rac8 22. Kg2 Nc4 23. Bxc4 Rxc4 24. Qd3 Rfc8 25. Ra1 Qd4 26. Qxd4 Rxd4
27. g4 Rdc4 28. Ra2 g5 29. Kg3 b5 30. h3 a5 31. f4 axb4 32. axb4 gxf4+ 33. Rxf4
Rxf4 34. Kxf4 Rc4+ 35. Kg5 Rxb4 36. Ra8+ Kh7 37. Ra7 f6+ 38. Kh5 Rc4 39. h4 d4
40. g5 fxg5 41. hxg5 Rc5 42. Rd7 Kg8 43. Kg6 Kf8 44. Rxg7 Rxg5+ 45. Kxg5 Kxg7
46. Kf4 Kf6 47. Ke4 e5 48. Kf3 Kf5 49. Kf2 Kf4 50. Ke2 e4 51. Kf2 d3 52. cxd3
exd3 53. Kf1 Ke3 54. Ke1 d2+ 55. Kd1 b4 56. Kc2 Ke2 57. Kb3 d1=Q+ 58. Kxb4 Qd5
59. Kc3 Ke3 60. Kc2 Qd3+ 61. Kc1 Qd2+ 62. Kb1 Kd3 63. Ka1 Kc3 64. Kb1 Qb2# 0-1

[Event "CYCC U16"]
[Site "Calgary CAN"]
[Date "2023.07.20"]
[Round "4.38"]
[White "Mu, Shaunavon"]
[Black "Emritte, Rayyan"]
[Result "1-0"]
[WhiteElo "1033"]
[BlackElo "1029"]
[PlyCount "53"]
[EventDate "2023.07.19"]
[EventType "swiss"]
[EventRounds "7"]
[EventCountry "CAN"]

1. d4 d5 2. c4 Nf6 3. Nc3 e6 4. g3 Bb4 5. Bg2 c5 6. cxd5 exd5 7. dxc5 d4 8. a3
dxc3 9. Qxd8+ Kxd8 10. axb4 c2 11. Bg5 Ke7 12. Rc1 Nc6 13. Bxc6 bxc6 14. Rxc2
Rb8 15. Rc4 Ba6 16. Re4+ Kd7 17. Bxf6 gxf6 18. Nf3 f5 19. Rd4+ Ke6 20. O-O Kf6
21. Re1 Rhe8 22. e3 Re7 23. Rd6+ Re6 24. Nd4 Rxd6 25. cxd6 Rxb4 26. Nxc6 Rb6
27. d7 1-0

[Event "CYCC U16"]
[Site "Calgary CAN"]
[Date "2023.07.20"]
[Round "4.39"]
[White "Offengenden, Ron"]
[Black "Wadhwa, Gunraj"]
[Result "1-0"]
[WhiteElo "1812"]
[BlackElo "466"]
[PlyCount "53"]
[EventDate "2023.07.19"]
[EventType "swiss"]
[EventRounds "7"]
[EventCountry "CAN"]

1. e4 e5 2. Nf3 Nc6 3. Bc4 Nf6 4. d3 d5 5. exd5 Nxd5 6. Qe2 Bd6 7. Bxd5 O-O 8.
Bb3 Re8 9. Ng5 Nd4 10. Bxf7+ Kf8 11. Qh5 h6 12. Bxe8 Qxe8 13. Qxe8+ Kxe8 14.
Na3 Bxa3 15. bxa3 Nxc2+ 16. Kd2 Nxa1 17. Nf3 e4 18. Re1 Bf5 19. Nd4 g6 20. Nxf5
gxf5 21. Kc3 Kf7 22. dxe4 fxe4 23. Kb2 Re8 24. Bxh6 Rg8 25. Rg1 Rg6 26. Be3 a6
27. Kxa1 1-0

[Event "CYCC U16"]
[Site "Calgary CAN"]
[Date "2023.07.21"]
[Round "5.15"]
[White "Chen, Max"]
[Black "Xu, Daniel"]
[Result "1-0"]
[WhiteElo "2341"]
[BlackElo "2377"]
[PlyCount "131"]
[EventDate "2023.07.19"]
[EventType "swiss"]
[EventRounds "7"]
[EventCountry "CAN"]

1. e4 c5 2. Ne2 Nf6 3. Nbc3 d6 4. g3 g6 5. Bg2 Bg7 6. O-O O-O 7. d3 Nc6 8. h3
Rb8 9. a4 a6 10. Be3 b5 11. axb5 axb5 12. Qd2 Bh8 13. f4 Qc7 14. g4 b4 15. Nd1
Bb7 16. Nf2 Ra8 17. Rab1 Nd7 18. g5 Ra2 19. Ng4 Bg7 20. f5 Rxb2 21. Nh6+ Kh8
22. f6 Bxf6 23. Nxf7+ Rxf7 24. Rxb2 Bxb2 25. Rxf7 Bg7 26. Rf1 Nde5 27. Nf4 Bc8
28. Nd5 Qa5 29. h4 Qa2 30. Nf4 Ng4 31. Kh1 Nxe3 32. Qxe3 Qxc2 33. h5 gxh5 34.
Nxh5 Qc3 35. Qf2 Be6 36. e5 Nxe5 37. Nxg7 Ng4 38. Qf8+ Bg8 39. Nh5 Qe5 40. Qf4
Qxf4 41. Rxf4 Ne3 42. Rf8 b3 43. Rb8 b2 44. Rxb2 Nxg2 45. Kxg2 Bd5+ 46. Kg3 Kg8
47. Kf4 Kf7 48. Ng3 Kg6 49. Rb6 c4 50. dxc4 Bxc4 51. Rb7 e5+ 52. Kg4 Be6+ 53.
Kh4 d5 54. Re7 Bf7 55. Rxe5 h6 56. gxh6 Kxh6 57. Kg4 Kg6 58. Kf4 Kf6 59. Ne2
Bg8 60. Nd4 Bf7 61. Rf5+ Kg6 62. Ke5 Bg8 63. Rf1 Kg7 64. Rg1+ Kf7 65. Nf5 Kf8
66. Kf6 1-0

[Event "CYCC U16"]
[Site "Calgary CAN"]
[Date "2023.07.21"]
[Round "5.16"]
[White "Lin, Leo"]
[Black "Jiang, Kate"]
[Result "1-0"]
[WhiteElo "2212"]
[BlackElo "2214"]
[PlyCount "92"]
[EventDate "2023.07.19"]
[EventType "swiss"]
[EventRounds "7"]
[EventCountry "CAN"]

1. e4 e5 2. Nf3 Nc6 3. d4 exd4 4. Nxd4 Bc5 5. Nxc6 Qf6 6. Qf3 dxc6 7. Bc4 Qxf3
8. gxf3 Be6 9. Bxe6 fxe6 10. Rg1 g6 11. Nd2 Nf6 12. Nc4 Nh5 13. Bh6 Bd6 14. h4
O-O-O 15. Ke2 Bf4 16. Bxf4 Nxf4+ 17. Ke3 Rhf8 18. Ne5 Rd6 19. Nc4 Rd7 20. Ne5
Rd6 21. b4 Nh5 22. Rad1 Rfd8 23. Rd3 Rxd3+ 24. Nxd3 b6 25. Ne5 Kb7 26. Nf7 Rd7
27. Ne5 Rd8 28. c4 Ra8 29. Rd1 Nf6 30. a4 a5 31. b5 cxb5 32. cxb5 Rg8 33. Nc6
Re8 34. Kf4 e5+ 35. Kg5 Ng8 36. Rd7 Kc8 37. Rxh7 Rf8 38. Rg7 Nf6 39. Ne7+ Kd8
40. Nxg6 Nxe4+ 41. fxe4 Rxf2 42. h5 Rg2+ 43. Kf6 Rh2 44. Ke6 Kc8 45. Ne7+ Kb7
46. Rh7 Rd2 1-0

[Event "CYCC U16"]
[Site "Calgary CAN"]
[Date "2023.07.21"]
[Round "5.17"]
[White "Ajith, Aayush"]
[Black "Huang, Youhe"]
[Result "1/2-1/2"]
[WhiteElo "2139"]
[BlackElo "2285"]
[PlyCount "127"]
[EventDate "2023.07.19"]
[EventType "swiss"]
[EventRounds "7"]
[EventCountry "CAN"]

1. d4 d5 2. Nf3 Nf6 3. e3 a6 4. Bd3 Bg4 5. h3 Bh5 6. Nbd2 Nbd7 7. c4 e6 8. O-O
Be7 9. Qb3 dxc4 10. Qxc4 c5 11. dxc5 Nxc5 12. Bb1 O-O 13. g4 Bg6 14. e4 Rc8 15.
Qe2 Na4 16. Ne5 Nd7 17. Nxd7 Qxd7 18. Nf3 Rfd8 19. Be3 Bc5 20. h4 f6 21. h5 Be8
22. Bxc5 Rxc5 23. b3 Nc3 24. Qe3 e5 25. Qxc5 Qxg4+ 26. Kh2 Qxh5+ 27. Kg2 Qg4+
28. Kh2 Qxf3 29. Qe3 Qxe3 30. fxe3 Rd2+ 31. Kg3 Bc6 32. b4 h5 33. a4 Bxa4 34.
Ra3 Ne2+ 35. Kf3 Bb5 36. Ra2 Rxa2 37. Bxa2+ Kh7 38. Rh1 Kh6 39. Bd5 b6 40. Re1
Nc3 41. Rc1 Na4 42. Rc8 Bd7 43. Ra8 Nc3 44. Rxa6 b5 45. Ra3 Na4 46. Bb3 Nb2 47.
Bd5 Kg5 48. Kg3 h4+ 49. Kh2 Na4 50. Bb3 Bc6 51. Bxa4 bxa4 52. Rc3 Bxe4 53. b5
Kg4 54. Rc4 Kf3 55. Rxa4 Bd5 56. Rxh4 Kxe3 57. b6 e4 58. Rh8 g5 59. Rh7 Kf2 60.
b7 Bxb7 61. Rxb7 e3 62. Rf7 e2 63. Rxf6+ Ke3 64. Re6+ 1/2-1/2

[Event "CYCC U16"]
[Site "Calgary CAN"]
[Date "2023.07.21"]
[Round "5.18"]
[White "Song, Ethan"]
[Black "He, Matthew"]
[Result "1-0"]
[WhiteElo "2255"]
[BlackElo "2140"]
[PlyCount "109"]
[EventDate "2023.07.19"]
[EventType "swiss"]
[EventRounds "7"]
[EventCountry "CAN"]

1. e4 c6 2. d4 d5 3. e5 Bf5 4. h4 h5 5. Bd3 Bxd3 6. Qxd3 Qa5+ 7. Nd2 Qa6 8. c4
e6 9. Ngf3 Nh6 10. O-O Be7 11. Qc3 O-O 12. b4 dxc4 13. Nxc4 Nf5 14. Bg5 Bxg5
15. Nxg5 Nd7 16. a4 Nb6 17. Ne3 Nd5 18. Qc2 Ndxe3 19. fxe3 g6 20. Qf2 Qd3 21.
Rfe1 Rad8 22. Rad1 Qc4 23. Nf3 Qxb4 24. e4 Nh6 25. Qe3 Ng4 26. Qd2 Qxd2 27.
Rxd2 Rd7 28. Rb2 Rfd8 29. Kf1 Rc7 30. Ke2 Rdd7 31. Rc1 Kg7 32. Rbc2 Rc8 33. Rc5
Rcd8 34. a5 a6 35. Rb1 Rf8 36. Ng5 Rfd8 37. Nf3 Nh6 38. Rc4 Rc7 39. Rd1 Rcd7
40. Rb1 Re7 41. Rc5 Ng8 42. Ke3 Rc7 43. Ng5 Ne7 44. Rf1 Nc8 45. Rxf7+ Rxf7 46.
Nxe6+ Kg8 47. Nxd8 Re7 48. d5 Rd7 49. Ne6 Ne7 50. d6 Nc8 51. Nf4 Kg7 52. Rc1
Na7 53. Rf1 Nb5 54. Ne6+ Kg8 55. Nc5 1-0

[Event "CYCC U16"]
[Site "Calgary CAN"]
[Date "2023.07.21"]
[Round "5.19"]
[White "Xu, Andrew"]
[Black "Srinivasan, Hemant"]
[Result "0-1"]
[WhiteElo "1965"]
[BlackElo "2200"]
[PlyCount "88"]
[EventDate "2023.07.19"]
[EventType "swiss"]
[EventRounds "7"]
[EventCountry "CAN"]

1. e4 c6 2. Nc3 d5 3. Nf3 Bg4 4. h3 Bxf3 5. Qxf3 e6 6. g3 Nd7 7. d3 Bc5 8. Bg2
Ne7 9. O-O O-O 10. Rd1 Ng6 11. d4 Bb6 12. Be3 f5 13. e5 f4 14. gxf4 Kh8 15. Ne2
c5 16. c3 Qe7 17. Ng3 Rf7 18. Qg4 Raf8 19. Nh5 Nh4 20. Qg5 Bd8 21. Qxe7 Bxe7
22. Kh2 g6 23. Ng3 g5 24. fxg5 Rxf2 25. Bxf2 Rxf2 26. Rg1 Nf3+ 27. Kh1 Nxg1 28.
Kxg1 Rxb2 29. h4 Rc2 30. Rf1 Kg8 31. Bh3 Nf8 32. Nh5 Rxc3 33. Nf4 cxd4 34.
Bxe6+ Nxe6 35. Nxe6 Rc2 36. Rd1 Kf7 37. Nxd4 Bc5 38. Kf1 Bxd4 39. Rxd4 Ke6 40.
Rb4 b6 41. Rf4 Rc4 42. Rf6+ Kxe5 43. Rf7 Rf4+ 44. Rxf4 Kxf4 0-1

[Event "CYCC U16"]
[Site "Calgary CAN"]
[Date "2023.07.21"]
[Round "5.20"]
[White "Zhu, Matthew"]
[Black "Su, Ethan"]
[Result "1-0"]
[WhiteElo "2200"]
[BlackElo "2071"]
[PlyCount "59"]
[EventDate "2023.07.19"]
[EventType "swiss"]
[EventRounds "7"]
[EventCountry "CAN"]

1. e4 c5 2. Nf3 d6 3. Bb5+ Bd7 4. Bxd7+ Nxd7 5. O-O e6 6. c3 Ngf6 7. Qe2 Ne5 8.
d4 Nxf3+ 9. Qxf3 cxd4 10. cxd4 d5 11. e5 Nd7 12. Nc3 a6 13. Re1 Qb6 14. Bg5 h6
15. Bf4 Qxd4 16. Rad1 Qb6 17. Nxd5 exd5 18. Qxd5 Qe6 19. Qa5 Bc5 20. b4 Be7 21.
Qc7 Rd8 22. Rd3 O-O 23. Red1 Qb6 24. e6 fxe6 25. Qc1 Nf6 26. Bc7 Qxb4 27. Bxd8
Ne4 28. Rd4 Qc5 29. Bxe7 Qxe7 30. Rxe4 1-0

[Event "CYCC U16"]
[Site "Calgary CAN"]
[Date "2023.07.21"]
[Round "5.21"]
[White "Berube, Maximilien"]
[Black "Sharma, Vishruth"]
[Result "1/2-1/2"]
[WhiteElo "1832"]
[BlackElo "2198"]
[PlyCount "74"]
[EventDate "2023.07.19"]
[EventType "swiss"]
[EventRounds "7"]
[EventCountry "CAN"]

1. e4 e5 2. Nf3 Nc6 3. d4 exd4 4. Nxd4 Nf6 5. Nxc6 bxc6 6. e5 Qe7 7. Qe2 Nd5 8.
h4 d6 9. c4 Nb6 10. exd6 cxd6 11. Nc3 Qxe2+ 12. Bxe2 Be6 13. b3 Be7 14. Bg5 f5
15. Bf3 Rc8 16. Rd1 Kf7 17. Bxe7 Kxe7 18. O-O Rhd8 19. Rfe1 Nd7 20. Nd5+ cxd5
21. cxd5 Ne5 22. dxe6 Nxf3+ 23. gxf3 Rc5 24. f4 Rdc8 25. Rd4 Rc1 26. Kf1 Rxe1+
27. Kxe1 Kxe6 28. Kd2 g6 29. Ra4 Rc7 30. Ra5 h6 31. Rb5 Rc6 32. Rb7 a6 33. Rh7
h5 34. Rg7 Kf6 35. Rb7 Ke6 36. Rg7 Kf6 37. Rb7 Ke6 1/2-1/2

[Event "CYCC U16"]
[Site "Calgary CAN"]
[Date "2023.07.21"]
[Round "5.23"]
[White "Liu, Henry"]
[Black "Rao, Atharva"]
[Result "1-0"]
[WhiteElo "2180"]
[BlackElo "1585"]
[PlyCount "37"]
[EventDate "2023.07.19"]
[EventType "swiss"]
[EventRounds "7"]
[EventCountry "CAN"]

1. d4 Nf6 2. Bf4 c5 3. dxc5 Na6 4. e4 Nxe4 5. Bxa6 Qa5+ 6. b4 Qxa6 7. Qd4 Nf6
8. Nc3 Qe6+ 9. Nge2 a6 10. O-O g6 11. Be5 Bg7 12. Nf4 Qg4 13. f3 Qh4 14. Rfc1
O-O 15. g3 Qh6 16. Nfd5 Nxd5 17. Nxd5 e6 18. Nb6 Bxe5 19. Qxe5 1-0

[Event "CYCC U16"]
[Site "Calgary CAN"]
[Date "2023.07.21"]
[Round "5.24"]
[White "Yang, Ernst"]
[Black "Prasanna, Shreyas"]
[Result "0-1"]
[WhiteElo "1220"]
[BlackElo "1874"]
[PlyCount "58"]
[EventDate "2023.07.19"]
[EventType "swiss"]
[EventRounds "7"]
[EventCountry "CAN"]

1. e4 e6 2. d4 d5 3. exd5 exd5 4. Nf3 Bd6 5. Bd3 Ne7 6. O-O O-O 7. b3 Bf5 8.
Be2 Nd7 9. Bb2 Ng6 10. c4 c6 11. Na3 Re8 12. Nc2 Nf4 13. Ne3 Be4 14. g3 Nxe2+
15. Qxe2 f5 16. Nd2 f4 17. Nxe4 Rxe4 18. gxf4 Bxf4 19. Qf3 Qh4 20. h3 Rf8 21.
Ng2 Qh6 22. Nxf4 Rexf4 23. Qg3 Rf3 24. Qg4 Rxh3 25. f4 Rh1+ 26. Kg2 Rh2+ 27.
Kg3 Nf6 28. Qe6+ Kh8 29. Kf3 Qh5+ 0-1

[Event "CYCC U16"]
[Site "Calgary CAN"]
[Date "2023.07.21"]
[Round "5.25"]
[White "Ber, Sava"]
[Black "Srinivas, Atharva"]
[Result "0-1"]
[WhiteElo "1179"]
[BlackElo "1791"]
[PlyCount "60"]
[EventDate "2023.07.19"]
[EventType "swiss"]
[EventRounds "7"]
[EventCountry "CAN"]

1. c4 e5 2. Nc3 Nc6 3. g3 f5 4. Bg2 Bb4 5. e3 Bxc3 6. bxc3 Nf6 7. d4 d6 8.
Bxc6+ bxc6 9. dxe5 dxe5 10. Qxd8+ Kxd8 11. Nf3 Re8 12. O-O Ba6 13. Rd1+ Kc8 14.
Nd2 Ne4 15. Nxe4 fxe4 16. c5 Bd3 17. Bb2 Rb8 18. Rd2 Rb5 19. Ba3 Ra5 20. Bb4
Ra4 21. f4 exf4 22. exf4 a5 23. Re1 Rd8 24. a3 axb4 25. axb4 Ra3 26. c4 Rb3 27.
b5 cxb5 28. Ra2 bxc4 29. c6 c3 30. Ra8+ Rb8 0-1

[Event "CYCC U16"]
[Site "Calgary CAN"]
[Date "2023.07.21"]
[Round "5.26"]
[White "Wang, Patrick"]
[Black "Zhang, James"]
[Result "0-1"]
[WhiteElo "903"]
[BlackElo "1742"]
[PlyCount "76"]
[EventDate "2023.07.19"]
[EventType "swiss"]
[EventRounds "7"]
[EventCountry "CAN"]

1. e4 c5 2. Nf3 d6 3. d4 cxd4 4. Nxd4 Nf6 5. Nc3 g6 6. Be3 Bg7 7. f3 O-O 8. Qd2
Nc6 9. Bc4 Qc7 10. Bb3 Na5 11. O-O-O Nxb3+ 12. axb3 Be6 13. h4 h5 14. Bh6 Qa5
15. Kb1 Bd7 16. g4 Kh7 17. Bxg7 Kxg7 18. gxh5 Qxh5 19. Rdg1 Nh7 20. f4 Rg8 21.
Nde2 Kf8 22. Rh2 Bc6 23. Rg3 Ke8 24. f5 Kd7 25. fxg6 fxg6 26. Nd4 Raf8 27. Qg2
Qe5 28. Nxc6 bxc6 29. h5 Rf1+ 30. Qxf1 Qxg3 31. Rg2 Qh3 32. Qg1 g5 33. Qxa7+
Ke8 34. Qa8+ Kf7 35. Rf2+ Nf6 36. Qxc6 Qxh5 37. Qd5+ Kg7 38. Rf5 Nxd5 0-1

[Event "CYCC U16"]
[Site "Calgary CAN"]
[Date "2023.07.21"]
[Round "5.27"]
[White "Dossa, Andre"]
[Black "Chhatralia, Bhavik"]
[Result "0-1"]
[WhiteElo "1050"]
[BlackElo "1664"]
[PlyCount "88"]
[EventDate "2023.07.19"]
[EventType "swiss"]
[EventRounds "7"]
[EventCountry "CAN"]

1. e4 e5 2. Nc3 Nc6 3. Bc4 Bc5 4. Qg4 g6 5. Qf3 Nf6 6. Nge2 d6 7. h3 Be6 8. d3
h6 9. Bxe6 fxe6 10. Qg3 Kf7 11. Na4 Nh5 12. Qg4 Nf6 13. Qf3 Kg7 14. Nxc5 dxc5
15. Be3 Nd4 16. Nxd4 cxd4 17. Bd2 Rf8 18. Qg3 Qd6 19. O-O Nh5 20. Qh4 Rf7 21.
Bxh6+ Kxh6 22. g4 Raf8 23. gxh5 g5 24. Qg3 Rf3 25. Qg2 Qe7 26. h4 Kxh5 27.
Qxg5+ Qxg5+ 28. hxg5 Kxg5 29. Kg2 Kg4 30. Rad1 c5 31. b3 b5 32. Rd2 Rh3 33. Rg1
Rfh8 34. Kf1+ Kf3 35. Re2 Rh1 36. Rd2 R8h2 37. c4 dxc3 38. Rc2 b4 39. a3 a5 40.
Ra2 Rxg1+ 41. Kxg1 Rh8 42. Rc2 Rd8 43. Kf1 Rxd3 44. Ke1 c4 0-1

[Event "CYCC U16"]
[Site "Calgary CAN"]
[Date "2023.07.21"]
[Round "5.28"]
[White "Cheng, Adrien"]
[Black "Valavan, Aaryan"]
[Result "1-0"]
[WhiteElo "1601"]
[BlackElo "1157"]
[PlyCount "45"]
[EventDate "2023.07.19"]
[EventType "swiss"]
[EventRounds "7"]
[EventCountry "CAN"]

1. e4 d6 2. f4 c5 3. Nf3 Bg4 4. Bc4 e6 5. O-O Ne7 6. Qe1 a6 7. a4 Bxf3 8. Rxf3
Nbc6 9. d3 g6 10. Nc3 Qd7 11. Kh1 h5 12. Rf2 Bg7 13. f5 Bd4 14. Be3 gxf5 15.
exf5 d5 16. f6 Ng6 17. Bxd4 cxd4 18. Nxd5 Nce5 19. Ne7 Nxe7 20. Qxe5 Ng6 21.
Qe4 Rd8 22. Re1 Rg8 23. Bxe6 1-0

[Event "CYCC U16"]
[Site "Calgary CAN"]
[Date "2023.07.21"]
[Round "5.29"]
[White "Hambardzumyan, Narek"]
[Black "Wambo-Becker, Gaddiel"]
[Result "1-0"]
[WhiteElo "1221"]
[BlackElo "955"]
[PlyCount "41"]
[EventDate "2023.07.19"]
[EventType "swiss"]
[EventRounds "7"]
[EventCountry "CAN"]

1. e4 c5 2. Nf3 Nc6 3. d4 cxd4 4. Nxd4 g6 5. Nc3 Bg7 6. Be3 d6 7. Qd2 Nf6 8. f3
Bd7 9. O-O-O O-O 10. Nxc6 bxc6 11. Bh6 Rb8 12. Bxg7 Kxg7 13. g4 Qc7 14. h4 Rfd8
15. h5 Qa5 16. hxg6 Rxb2 17. Qh6+ Kh8 18. Kxb2 Rb8+ 19. Kc1 Qxc3 20. Bd3 Rb2
21. Qf8+ 1-0

[Event "CYCC U16"]
[Site "Calgary CAN"]
[Date "2023.07.21"]
[Round "5.32"]
[White "Chen, Matthew"]
[Black "Sura, Aditya"]
[Result "1-0"]
[WhiteElo "1422"]
[BlackElo "1096"]
[PlyCount "43"]
[EventDate "2023.07.19"]
[EventType "swiss"]
[EventRounds "7"]
[EventCountry "CAN"]

1. e4 e6 2. d4 d5 3. exd5 exd5 4. Bd3 Nc6 5. c3 Bd6 6. Nf3 Bg4 7. O-O Qd7 8.
Re1+ Nge7 9. Be3 O-O-O 10. Nbd2 f5 11. Bg5 h6 12. Bxe7 Nxe7 13. Qc2 Kb8 14. Ne5
Bxe5 15. Rxe5 Rdf8 16. f3 Bh5 17. Rae1 Rf7 18. c4 c6 19. Nb3 dxc4 20. Bxc4 Nd5
21. Nc5 Qc7 22. Re8+ 1-0